Bảo vệ chủ quyền biển đảo Việt Nam

Na minha lista:
Detalhes bibliográficos
Autor principal: Nguyễn, Thái Anh
Formato: Livro
Idioma:Undetermined
Publicado em: Hà nội Thời Đại 2011
Assuntos:
Tags: Adicionar Tag
Sem tags, seja o primeiro a adicionar uma tag!
Thư viện lưu trữ: Trung tâm Học liệu Trường Đại học Cần Thơ
LEADER 00638nam a2200193Ia 4500
001 CTU_167843
008 210402s9999 xx 000 0 und d
020 |c 320000 
082 |a 363.28 
082 |b A107 
100 |a Nguyễn, Thái Anh 
245 0 |a Bảo vệ chủ quyền biển đảo Việt Nam 
245 0 |c Nguyễn Thái Anh (chủ biên); Nguyễn Đức, Đàm Xuân 
260 |a Hà nội 
260 |b Thời Đại 
260 |c 2011 
650 |a Police services,Bảo vệ chủ quyền biển đảo 
904 |i Nguyên 
980 |a Trung tâm Học liệu Trường Đại học Cần Thơ